00633nam a22001697a 4500003000900000008004100009040007100050082002200121100002600143245006100169260006900230300002800299505010500327650001200432650001100444650000800455AR-CdUCM190405b ||||| |||| 00| 0 spa d aMUNICIPALIDAD PROVINCIAL DEL CUSCOcBIBLIOTECA MUNICIPAL DEL CUSCO a341 /bC28 / 1948 aCarnelutti, Francesco aArte del derecho :b(Seis meditaciones sobre el derecho) aBuenos Aires :bEdiciones jurídicas Europa - América,c1948. a108 páginas ;c23 cm. aContenido: ¿Que es el derecho? -- ¿Que es la ley? -- ¿Que es el hecho? -- ¿Que es el juicio?...  aDerecho aJuicio aLey